000 01143cam a22001934a 4500
005 20250605164017.0
008 250528s ||||||||||||||||||||||||d
035 _a16206
020 _a263062961
040 _aGR-AtMCL
_bgre
_dGR-AtMCL
_eAACR2
245 1 _aModern Inorganic Chemistry
260 _bMills And Boon Limited,
_c1971
300 _a472
520 _aPreface, Bibliography, Acknowledgements, Early Theoretical Background of Chemistry and the Determination of Atomic Weights, The Periodic Classification of Elements, The Structure of the Atom, The Arrangement of Electrons in Atoms, Chemical Bonds, Chemical Geometry, Modern Valency Theory, Oxidation and Reduction, Acids and Bases, Occurence and Extraction of Metals, The First Transition Series (Scandium - Titanium - Vanadium - Chromium - Manganese - Iron - Cobalt - Nicket), Some More Features of the First Transition Series, The First Inner Transition Series (The Lantanides), Nuclear Chemistry, Answers to Questions, Index, Table of Atomic Weights, Logarithm and Antilogarithm Tables.
700 1 _aLiptrop G. F.
_92282
942 _cBK
999 _c1737
_d1737